| 000 | 00980nac a22003257a 4500 | ||
|---|---|---|---|
| 001 | BR9803116 | ||
| 003 | BR-BrBNA | ||
| 005 | 20240105122030.0 | ||
| 008 | 230509b bl.|||m| |||| 00| 0 por d | ||
| 040 |
_aBR-BrBNA _bpor _cBiblioteca Nacional de Agricultura |
||
| 072 | _aQ52 | ||
| 090 | _a0230 BR9803116 | ||
| 100 | 1 | _aChaves Filho, N.F. de C. | |
| 100 | 1 | _aTabosa, J.N. | |
| 100 | 1 | _aSantos, M.V.F. dos | |
| 110 | 1 |
_aEmpresa Pernambucana de Pesquisa Agropecuaria, Recife, PE (Brasil) _94262 |
|
| 245 | 1 | _a"Sacharina" rustica | |
| 260 | 3 |
_aRecife, PE (Brasil): _c1992. |
|
| 300 | _a5 p. | ||
| 490 |
_aComunicado Tecnico - Empresa Pernambucana de Pesquisa Agropecuaria (Brazil) _vno. 49 _x |
||
| 500 | _a5 ref. | ||
| 650 | _aCana de Acucar | ||
| 650 | _aProteina Microbiana | ||
| 650 | _aSuplemento Alimentar | ||
| 650 | _aVolumosos | ||
| 650 | _aBovino | ||
| 650 | _aPernambuco | ||
| 909 |
_a202312 _bLúcia Elande _c55 _dLúcia Elande |
||
| 942 |
_2AGRIS _n0 _cMS |
||
| 999 |
_c288827 _d288827 |
||